Manual de agricultura / (Record no. 70702)
[ view plain ]
| 000 -LEADER | |
|---|---|
| campo de control de longitud fija | 01246nam a2200265 i 4500 |
| 001 - NÚMERO DE CONTROL | |
| campo de control | 70702 |
| 003 - IDENTIFICADOR DE NÚMERO DE CONTROL | |
| campo de control | ES-MaACL |
| 005 - FECHA Y HORA DE LA ÚLTIMA TRANSACCIÓN | |
| campo de control | 20260210161949.0 |
| 007 - CAMPO FIJO DE DESCRIPCIÓN FÍSICA--INFORMACIÓN GENERAL | |
| campo de control de longitud fija | t| |
| 008 - DATOS DE LONGITUD FIJA--INFORMACIÓN GENERAL | |
| campo de control de longitud fija | 040802m19541972sp ||||1| spa d |
| 100 1# - ENTRADA PRINCIPAL--NOMBRE DE PERSONA | |
| Nombre de persona | León Garré, Aniceto. |
| 9 (RLIN) | 55644 |
| 245 10 - MENCIÓN DEL TÍTULO | |
| Título | Manual de agricultura / |
| Mención de responsabilidad, etc. | por Aniceto León Garre. |
| 250 ## - MENCION DE EDICION | |
| Mención de edición | [1ª ed.]. |
| 260 ## - PUBLICACIÓN, DISTRIBUCIÓN, ETC. | |
| Lugar de publicación, distribución, etc. | Barcelona, etc. : |
| Nombre del editor, distribuidor, etc. | Salvat, |
| Fecha de publicación, distribución, etc. | 1954-72 ( |
| Fabricante | Imp. Hispano-Americana) |
| 300 ## - DESCRIPCIÓN FÍSICA | |
| Extensión | 3 t. : |
| Otras características físicas | il. ; |
| Dimensiones | 22 cm. |
| 490 1# - MENCIÓN DE SERIE | |
| Mención de serie | Colección agrícola Salvat |
| 505 8# - NOTA DE CONTENIDO CON FORMATO | |
| Nota de contenido con formato | Contiene: t. 3. Técnica de la producción vegetal e industrias fitogenas: herbicultura (XVI, p. 1103-2118) -- t. 4. Técnica de la producción vegetal e industrias fitógenas: arboricultura (p. 2119- 3029, lám. LVII-LXXXI) -- t. 5. Técnica de la producción animal é industrias zoogenas (XIX, P. 3053-4284) |
| 650 07 - PUNTO DE ACCESO ADICIONAL DE MATERIA--TÉRMINO DE MATERIA | |
| Término de materia o nombre geográfico como elemento de entrada | Agricultura |
| Fuente del encabezamiento o término | embne |
| 9 (RLIN) | 9670 |
| 740 0# - ENTRADA AGREGADA--TÍTULO RELACIONADO/ANALÍTICO NO CONTROLADO | |
| Título relacionado o analítico no controlado | Técnica de la producción vegetal e industrias fitógenas : herbicultura. |
| 740 0# - ENTRADA AGREGADA--TÍTULO RELACIONADO/ANALÍTICO NO CONTROLADO | |
| Título relacionado o analítico no controlado | Técnica de la producción vegetal e industrias fitógenas : arboricultura. |
| 740 0# - ENTRADA AGREGADA--TÍTULO RELACIONADO/ANALÍTICO NO CONTROLADO | |
| Título relacionado o analítico no controlado | Técnica de la producción vegetal e industrias zoogenas. |
| 830 0# - PUNTO DE ACCESO ADICIONAL DE SERIE-TÍTULO UNIFORME | |
| Título uniforme | Colección agrícola Salvat |
| 9 (RLIN) | 181203 |
| 852 ## - LOCALIZACIÓN | |
| Ubicación | ES-MaACL |
| Número de control de estantería | P-279 |
| Estatus retirado | Estado de pérdida | Estado de daño | No para préstamo | Biblioteca de origen | Biblioteca actual | Ubicación en estantería | Fecha de adquisición | Fuente de adquisición | Total de préstamos | Signatura topográfica completa | Código de barras | Visto por última vez | Precio de reemplazo | Tipo de ítem Koha |
|---|---|---|---|---|---|---|---|---|---|---|---|---|---|---|
| Biblioteca del Ateneo de Madrid | Biblioteca del Ateneo de Madrid | Depósito 2 | 17/01/2008 | P-279 | 1074030 | 23/02/2023 | 23/02/2023 | Libro impreso |
